Statistics for European Capitals

Click here to take the quiz!

General Stats

  • This quiz has been taken 16 times
  • The average score is 41 of 47

Answer Stats

Capital% Correct
Amsterdam
100%
Berlin
100%
Brussels
100%
Bucharest
100%
Budapest
100%
Copenhagen
100%
Helsinki
100%
London
100%
Oslo
100%
Prague
100%
Rome
100%
Stockholm
100%
Tallinn
100%
Vatican City
100%
Athens
93%
Bern
93%
Dublin
93%
Kiev
93%
Lisbon
93%
Luxembourg
93%
Monaco
93%
Moscow
93%
Riga
93%
San Marino
93%
Sofia
93%
Tirana
93%
Vaduz
93%
Zagreb
93%
Andorra la Vella
86%
Minsk
86%
Paris
86%
Reykjavik
86%
Valletta
86%
Vilnius
86%
Bratislava
79%
Madrid
79%
Sarajevo
79%
Vienna
79%
Warsaw
79%
Belgrade
71%
Chisinau
71%
Ljubljana
71%
Skopje
71%
Podgorica
57%
Tbilisi
57%
Ankara
50%
Nicosia
36%

Score Distribution

Percentile by Number Answered

Percent of People with Each Score

Your Score History

You have not taken this quiz